[Event "Bergens SK Høstturnering 2017"]
[Site "Bergens Schakklub"]
[Date "2017.10.31"]
[Round "7"]
[White "Ayzenberg, Alena"]
[Black "Sviland, Atle"]
[Result "1-0"]
[WhiteElo "1755"]
[BlackElo "1627"]
[PlyCount "59"]
[EventDate "2017.??.??"]

1. d4 f5 2. Nf3 Nf6 3. g3 e6 4. Bg2 Be7 5. O-O O-O 6. Qd3 d6 7. Nc3 Nc6 8. e4
fxe4 9. Nxe4 e5 10. dxe5 Nxe5 11. Nxe5 dxe5 12. Qc4+ Kh8 13. Ng5 Qe8 14. Qxc7
Ng4 15. h3 Bd8 16. Qc3 Nf6 17. Re1 Bb6 18. Be3 Qg6 19. Bxb6 Qxg5 20. Rxe5 Qg6
21. Bc5 Rf7 22. Rae1 Bf5 23. Re7 Rxe7 24. Rxe7 Be4 25. Bxe4 Nxe4 26. Qe3 Nf6
27. Qd3 Qh5 28. Bd4 Rd8 29. g4 Qa5 30. Bxf6
1-0

[Event "Bergens SK Høstturnering 2017"]
[Site "Bergens Schakklub"]
[Date "2017.10.31"]
[Round "7"]
[White "Dyrhovden, Sigve"]
[Black "Jørgensen, Kolbein"]
[Result "1/2-1/2"]
[WhiteElo "1588"]
[BlackElo "1323"]
[PlyCount "80"]
[EventDate "2017.??.??"]

1. d4 d5 2. Bf4 Nf6 3. e3 Bf5 4. Bd3 Bxd3 5. Qxd3 c6 6. Nd2 e6 7. Ngf3 Bd6 8.
Bxd6 Qxd6 9. Ne5 Nbd7 10. f4 Qe7 11. O-O O-O 12. Rf3 Ne8 13. Rh3 f5 14. Ndf3
Nxe5 15. Nxe5 Nf6 16. Rf1 Nd7 17. Nxd7 Qxd7 18. Rff3 Rf6 19. Rfg3 Qf7 20. Rg5
Rg6 21. Rhg3 Rxg5 22. Rxg5 Kh8 23. Qa3 Qc7 24. Rg3 b6 25. Rf3 c5 26. Rf2 cxd4
27. exd4 Rc8 28. Qe3 Qd6 29. Re2 Re8 30. c3 b5 31. Qd2 Kg8 32. Re5 Qc6 33. Qe2
Qd7 34. h3 a6 35. Re3 Qf7 36. Re5 Qd7 37. Qh5 Qf7 38. Qg5 Rf8 39. Qg3 Qd7 40.
Qd3 Qc6
1/2-1/2

[Event "Bergens SK Høstturnering 2017"]
[Site "Bergens Schakklub"]
[Date "2017.10.31"]
[Round "7"]
[White "Agustsson, Hafsteinn"]
[Black "Selbekk, Vebjørn"]
[Result "1-0"]
[WhiteElo "1741"]
[BlackElo "1847"]
[PlyCount "59"]
[EventDate "2017.??.??"]

1. e4 d6 2. d4 Nf6 3. Nc3 g6 4. f4 Bg7 5. Nf3 c6 6. Bd3 O-O 7. Bd2 a5 8. O-O
Bg4 9. h3 Bxf3 10. Qxf3 Na6 11. a3 Qb6 12. Kh1 Nd7 13. e5 dxe5 14. dxe5 Nac5
15. Bc4 Rad8 16. Qf2 Ne6 17. Be3 Qc7 18. Ne4 Bh6 19. Qh4 Kg7 20. Bxe6 fxe6 21.
Qxe7+ Rf7 22. Qxe6 Nxe5 23. fxe5 Bxe3 24. Nd6 Re7 25. Qf6+ Kg8 26. Rf3 Bd4 27.
Nf5 gxf5 28. Rg3+ Rg7 29. Rxg7+ Qxg7 30. Qxd8+
1-0

[Event "Bergens SK Høstturnering 2017"]
[Site "Bergens Schakklub"]
[Date "2017.10.31"]
[Round "7"]
[White "Manne, Per Erik"]
[Black "Larsen, Stig Børje"]
[Result "1/2-1/2"]
[WhiteElo "2043"]
[BlackElo "1739"]
[PlyCount "120"]
[EventDate "2017.??.??"]

1. e4 d6 2. d4 Nf6 3. Nc3 Nbd7 4. Nf3 e5 5. Bc4 Be7 6. O-O c6 7. a4 a5 8. h3
Qc7 9. dxe5 dxe5 10. Qe2 O-O 11. Be3 Nc5 12. Nd2 Ne6 13. Nb3 b6 14. Rad1 h6 15.
g3 Ng5 16. h4 Ngh7 17. Kg2 g5 18. Rh1 Ng4 19. Bc1 Kg7 20. f3 Ngf6 21. hxg5 Nxg5
22. Rxh6 Kxh6 23. Rh1+ Kg7 24. Bxg5 Rh8 25. Rxh8 Kxh8 26. Bxf7 Nh7 27. Be3 Bg5
28. Bg6 Ba6 29. Qf2 Bxe3 30. Qxe3 Rg8 31. Qh6 Bb7 32. Nd1 Qg7 33. Qxg7+ Rxg7
34. Bf5 Nf6 35. Ne3 c5 36. Nc4 Nh5 37. g4 Nf4+ 38. Kf2 Bc6 39. Nxb6 Rb7 40. Nc4
Bxa4 41. Nbxa5 Ra7 42. b3 Bb5 43. Ke3 Ng2+ 44. Kd2 Kg7 45. g5 Nh4 46. Bg4 Ng6
47. Kc3 Nf4 48. b4 Ne2+ 49. Kb3 Nd4+ 50. Kc3 cxb4+ 51. Kxb4 Bxc4 52. Nxc4 Nxc2+
53. Kc5 Kg6 54. Nxe5+ Kxg5 55. Nc6 Ra3 56. e5 Ne3 57. e6 Nxg4 58. fxg4 Re3 59.
Kd6 Rxe6+ 60. Kxe6 Kxg4
1/2-1/2

[Event "Bergens SK Høstturnering 2017"]
[Site "Bergens Schakklub"]
[Date "2017.10.31"]
[Round "7"]
[White "Christoffersen, Odd"]
[Black "Sørhus, Jostein"]
[Result "1-0"]
[WhiteElo "1514"]
[BlackElo "1366"]
[PlyCount "134"]
[EventDate "2017.??.??"]

1. d4 Nf6 2. c4 g6 3. Nc3 d5 4. Nf3 Bg7 5. cxd5 Nxd5 6. Qb3 Nb6 7. e3 Be6 8.
Qc2 Nc6 9. a3 O-O 10. Be2 Na5 11. Nd2 Rc8 12. b4 Nc6 13. Bb2 Bf5 14. Qb3 Be6
15. Qd1 a6 16. O-O Nb8 17. Nce4 Bd7 18. Nc5 Bc6 19. Bf3 Nd5 20. Qb3 b6 21. Nd3
Nf6 22. Rfc1 Bxf3 23. Nxf3 Nbd7 24. Qc4 b5 25. Qb3 Nb6 26. Nc5 Ra8 27. Ne5 Nfd7
28. Nc6 Qe8 29. Na5 e5 30. Nxd7 Qxd7 31. dxe5 Rfe8 32. f4 Rac8 33. Bd4 Nd5 34.
Rc6 Nxf4 35. Qb2 Nd3 36. Qc3 Nxe5 37. Rxa6 Qg4 38. Rf1 Qg5 39. Ra7 Qh6 40. Rxc7
Rxc7 41. Qxc7 f5 42. h3 Nc4 43. Nxc4 Bxd4 44. exd4 bxc4 45. Qxc4+ Kf8 46. Qc5+
Kf7 47. d5 Re2 48. Qc7+ Kg8 49. Qf4 Qg7 50. d6 Re4 51. Qf2 Qd7 52. Rd1 Kg7 53.
b5 Re6 54. Qd4+ Kg8 55. b6 Re4 56. Qd5+ Kg7 57. Rc1 Qa4 58. Qd3 Kh6 59. Rd1 Qd7
60. Qb3 Qb7 61. Qb2 Re8 62. a4 Qe4 63. d7 Rd8 64. a5 Qe3+ 65. Kh1 Qe7 66. Qd2+
Kg7 67. a6 Qc5
1-0

[Event "Bergens SK Høstturnering 2017"]
[Site "Bergens Schakklub"]
[Date "2017.10.31"]
[Round "7"]
[White "Rasmussen, Jonas H"]
[Black "Solli, Jarle"]
[Result "1-0"]
[WhiteElo "1745"]
[BlackElo "1538"]
[PlyCount "61"]
[EventDate "2017.??.??"]

1. d4 e6 2. Nf3 Nf6 3. g3 d5 4. Bg2 c5 5. c4 Nc6 6. O-O cxd4 7. Nxd4 Nxd4 8.
Qxd4 Qc7 9. cxd5 Bc5 10. Qc3 exd5 11. Bf4 Qb6 12. Be5 Ng4 13. e3 f6 14. Bd4
Bxd4 15. Qxd4 Be6 16. Qxb6 axb6 17. Nc3 Rd8 18. Rfd1 Kf7 19. Nxd5 Rd6 20. Nf4
Rhd8 21. Rxd6 Rxd6 22. Nxe6 Kxe6 23. Bxb7 Ne5 24. a4 Rd2 25. b4 Nd3 26. a5 bxa5
27. bxa5 Ne5 28. Bc8+ Ke7 29. a6 Rd8 30. Bh3 Nd7 31. Bxd7
1-0

[Event "Bergens SK Høstturnering 2017"]
[Site "Bergens Schakklub"]
[Date "2017.11.07"]
[Round "8"]
[White "Sviland, Atle"]
[Black "Rasmussen, Jonas H"]
[Result "0-1"]
[WhiteElo "1627"]
[BlackElo "1745"]
[PlyCount "122"]
[EventDate "2017.??.??"]

1. Nf3 Nf6 2. g3 g6 3. Bg2 Bg7 4. c4 O-O 5. Nc3 d6 6. d3 Nbd7 7. Bd2 c6 8. O-O
d5 9. cxd5 Nxd5 10. Nxd5 cxd5 11. Bc3 Nf6 12. Rc1 b6 13. Qa4 Bb7 14. Be5 Ne8
15. Rc2 e6 16. Rfc1 Bxe5 17. Nxe5 Nf6 18. Rc7 Qd6 19. Qf4 Nh5 20. Qg5 h6 21.
Nxf7 Rxf7 22. Qxg6+ Rg7 23. Rxg7+ Nxg7 24. Qxh6 Rc8 25. Rxc8+ Bxc8 26. h4 Qe5
27. Qd2 Bd7 28. Qc2 Nf5 29. e4 Nd4 30. Qd1 dxe4 31. Bxe4 Bc6 32. Qg4+ Kh8 33.
f4 Qc5 34. Kh2 Bxe4 35. dxe4 Qc2+ 36. Kh3 Qxe4 37. Qh5+ Kg7 38. Qg5+ Kf7 39.
Qh5+ Qg6 40. Qd1 Qf5+ 41. Kh2 Qc2+ 42. Qxc2 Nxc2 43. g4 Nb4 44. Kg3 Nd3 45. g5
Nxb2 46. Kg4 Nc4 47. h5 a5 48. Kf3 Nd6 49. Ke3 Nf5+ 50. Ke4 Ng3+ 51. Ke5 Nxh5
52. f5 exf5 53. Kxf5 Ng3+ 54. Ke5 Ne2 55. Kd6 b5 56. Kc5 Nc3 57. a3 Kg6 58. Kd4
Nb1 59. a4 b4 60. Kc4 Nc3 61. Kb3 Kxg5
0-1

[Event "Bergens SK Høstturnering 2017"]
[Site "Bergens Schakklub"]
[Date "2017.11.07"]
[Round "8"]
[White "Christoffersen, Odd"]
[Black "Jørgensen, Kolbein"]
[Result "1-0"]
[WhiteElo "1514"]
[BlackElo "1323"]
[PlyCount "127"]
[EventDate "2017.??.??"]

1. e4 e6 2. d3 d5 3. Nd2 c5 4. g3 Nc6 5. Bg2 d4 6. f4 e5 7. Ne2 Bd6 8. O-O Nf6
9. h3 b5 10. a4 Rb8 11. axb5 Rxb5 12. Nf3 Qc7 13. f5 Na5 14. b3 Nc6 15. Bd2 a5
16. g4 h6 17. Be1 Be7 18. Nd2 Nd7 19. h4 Qd8 20. Nf3 h5 21. g5 f6 22. g6 Rb8
23. Nd2 Ba6 24. Ng3 Bb5 25. Nxh5 Bf8 26. Bf3 Nb6 27. Nc4 Ra8 28. Nxa5 Nxa5 29.
Bxa5 Bc6 30. Bd2 Kd7 31. Rxa8 Qxa8 32. Qa1 Qb7 33. Qa5 Bd6 34. Qa2 Ra8 35. Qb1
Bf8 36. Ng3 Rb8 37. Qe1 Ra8 38. Qf2 Ra2 39. Bd1 Kc8 40. h5 Bb5 41. Kg2 c4 42.
bxc4 Bxc4 43. dxc4 Nxc4 44. Qe2 Qb5 45. Rf3 Qa4 46. Nf1 Nb2 47. Rb3 Ba3 48. Qb5
Qxb5 49. Rxb5 Nxd1 50. h6 Ne3+ 51. Nxe3 dxe3 52. Bxe3 Rxc2+ 53. Kf3 Bf8 54. h7
Rh2 55. Rb1 Kc7 56. Kg3 Rh5 57. Rg1 Kc6 58. Rg2 Bc5 59. Bxc5 Kxc5 60. Rh2 Rxh2
61. Kxh2 Kd4 62. h8=Q Kxe4 63. Qxg7 Kxf5 64. Qf7
1-0

[Event "Bergens SK Høstturnering 2017"]
[Site "Bergens Schakklub"]
[Date "2017.11.07"]
[Round "8"]
[White "Selbekk, Vebjørn"]
[Black "Ziegler, Lars"]
[Result "1-0"]
[WhiteElo "1847"]
[BlackElo "1468"]
[PlyCount "143"]
[EventDate "2017.??.??"]

1. Nf3 e6 2. g3 Nf6 3. Bg2 c5 4. d3 Nc6 5. e4 Be7 6. O-O O-O 7. Re1 d6 8. Nbd2
e5 9. a4 Be6 10. Ng5 h6 11. Nxe6 fxe6 12. Bh3 Qd7 13. Nc4 Rf7 14. f4 Raf8 15.
f5 Nd8 16. Be3 exf5 17. Bxf5 Qc7 18. Bg6 d5 19. Bxf7+ Rxf7 20. exd5 Nxd5 21.
Bf2 Nc6 22. c3 b6 23. Qe2 Bf6 24. Qe4 Nde7 25. Rf1 Qd7 26. Rae1 Nf5 27. Ne3 Nd6
28. Qg4 Qd8 29. Nc4 Ne8 30. Qe6 Ne7 31. Nxe5 Bxe5 32. Rxe5 Qxd3 33. Re3 Qd8 34.
Rf3 Nf6 35. Be3 Qd5 36. Qxd5 Nexd5 37. Bc1 Re7 38. h3 Re4 39. b3 Re2 40. c4 Nb4
41. Bxh6 Ne4 42. Bf4 Nc2 43. Rd1 Nd4 44. Re3 Rxe3 45. Bxe3 Nxb3 46. Kg2 Na5 47.
Rc1 Nd6 48. Bf4 Ndxc4 49. Rd1 Nb2 50. Rd8+ Kh7 51. Rd7 Nxa4 52. Rxa7 c4 53. Be5
c3 54. Rxg7+ Kh6 55. Rc7 Nc5 56. Bxc3 Nc4 57. Bd4 Nd2 58. Bxc5 bxc5 59. Rxc5
Kg6 60. h4 Kh6 61. g4 Kg6 62. Rc6+ Kh7 63. Re6 Nc4 64. h5 Na5 65. g5 Nb3 66.
Re7+ Kg8 67. h6 Nd4 68. g6 Kf8 69. Rf7+ Kg8 70. h7+ Kh8 71. Rf8+ Kg7 72. h8=Q+
1-0

[Event "Bergens SK Høstturnering 2017"]
[Site "Bergens Schakklub"]
[Date "2017.11.07"]
[Round "8"]
[White "Larsen, Stig Børje"]
[Black "Ayzenberg, Alena"]
[Result "1-0"]
[WhiteElo "1739"]
[BlackElo "1755"]
[PlyCount "59"]
[EventDate "2017.??.??"]

1. e4 e6 2. d4 d5 3. Nc3 Bb4 4. exd5 exd5 5. Bd3 Nc6 6. a3 Be7 7. Nge2 Bg4 8.
Be3 Bf6 9. Qd2 Nge7 10. f3 Bf5 11. O-O-O Qd7 12. Bb5 a6 13. Ba4 b5 14. Bb3 O-O
15. g4 Na5 16. gxf5 Nc4 17. Bxc4 bxc4 18. Bg5 Qxf5 19. Bxf6 Qxf6 20. Qf4 Qc6
21. Qg5 f6 22. Qg4 Rab8 23. Rhg1 g6 24. Rde1 Qb6 25. Na4 Qa5 26. Nec3 Rf7 27.
Qd7 Kf8 28. Nc5 c6 29. Qd6 Rc8 30. Nd7+
1-0

[Event "Bergens SK Høstturnering 2017"]
[Site "Bergens Schakklub"]
[Date "2017.11.07"]
[Round "8"]
[White "Grønnestad, Anita"]
[Black "Manne, Per Erik"]
[Result "0-1"]
[WhiteElo "1920"]
[BlackElo "2043"]
[PlyCount "100"]
[EventDate "2017.??.??"]

1. c4 Nf6 2. Nf3 e6 3. e3 d5 4. d4 c6 5. Nc3 Nbd7 6. cxd5 exd5 7. Bd3 Bd6 8.
O-O O-O 9. Qc2 Re8 10. h3 Nf8 11. Rb1 Qe7 12. a3 Ng6 13. Ng5 c5 14. dxc5 Bxc5
15. b4 Bd6 16. Nb5 Bb8 17. Nd4 Ne4 18. Ngf3 Bd7 19. Bb2 Qd6 20. Rfc1 a5 21. b5
a4 22. Ne2 Ra5 23. Bd4 Qxa3 24. Bxe4 dxe4 25. Bc5 Qd3 26. Nfd4 Qxc2 27. Rxc2
Ne5 28. Bb4 Ra8 29. Nc3 Nd3 30. Nd5 Nxb4 31. Nxb4 Be5 32. Ra2 Bxd4 33. exd4
Bxb5 34. Rc1 Rec8 35. Re1 Bc4 36. Ra3 f5 37. d5 Bb3 38. d6 Rd8 39. Rea1 Rac8
40. f3 e3 41. Re1 f4 42. g3 Rxd6 43. gxf4 Rc4 44. Na2 Rd2 45. Nc1 Rcc2 46. Nxb3
axb3 47. Rxb3 Rg2+ 48. Kh1 Rh2+ 49. Kg1 Rcg2+ 50. Kf1 e2+
0-1

[Event "Bergens SK HÃ¸stturnering 2017"]
[Site "Bergens Schakklub"]
[Date "2017.11.14"]
[Round "9"]
[White "Selbekk, VebjÃ¸rn"]
[Black "Sviland, Atle"]
[Result "0-1"]
[WhiteElo "1847"]
[BlackElo "1627"]
[PlyCount "86"]
[EventDate "2017.??.??"]

1. Nf3 f5 2. d3 Nf6 3. g3 e6 4. Bg2 Be7 5. O-O O-O 6. Nbd2 d6 7. e4 e5 8. c3
fxe4 9. dxe4 Qe8 10. Ng5 Kh8 11. Qb3 Bd8 12. Qc2 Qh5 13. h4 h6 14. Ngf3 Nbd7
15. Nc4 Nc5 16. Nh2 Qg6 17. Re1 Ng4 18. f3 Nf6 19. Nf1 Nh5 20. g4 Nf4 21. h5
Qf7 22. Bxf4 Qxf4 23. Qd2 Qf7 24. Nce3 Bg5 25. Qe2 Ne6 26. Nf5 Nf4 27. Qc2 Bxf5
28. exf5 Bh4 29. Re4 Rae8 30. Qb3 d5 31. Ra4 Qd7 32. Rxa7 d4 33. Qxb7 Re7 34.
Qe4 dxc3 35. bxc3 Qd6 36. Qe3 Rfe8 37. Nd2 Bg5 38. Qf2 Nxg2 39. Ne4 Qd3 40.
Kxg2 Be3 41. Nc5 Bxf2 42. Nxd3 Bxa7 43. Re1 e4 0-1

[Event "Bergens SK HÃ¸stturnering 2017"]
[Site "Bergens Schakklub"]
[Date "2017.11.14"]
[Round "9"]
[White "Dyrhovden, Sigve"]
[Black "Christoffersen, Odd"]
[Result "1/2-1/2"]
[WhiteElo "1588"]
[BlackElo "1514"]
[PlyCount "145"]
[EventDate "2017.??.??"]

1. d4 Nf6 2. Bf4 e6 3. e3 b6 4. Nf3 Bb7 5. Bd3 c5 6. c3 Be7 7. h3 Nc6 8. O-O d5
9. Nbd2 cxd4 10. exd4 Rc8 11. Ne5 Nxe5 12. Bxe5 O-O 13. Nf3 Ne4 14. Qe2 Bd6 15.
a4 a5 16. Ba6 Bxa6 17. Qxa6 Qc7 18. Qb5 f6 19. Bxd6 Nxd6 20. Qe2 Qd7 21. Nd2
Rfe8 22. Qg4 Nc4 23. Nxc4 Rxc4 24. Rfe1 Qf7 25. Qg3 Qd7 26. b3 Rc6 27. Re3 Qf7
28. Rae1 Rec8 29. Rd3 Qg6 30. Qxg6 hxg6 31. Ree3 Kf7 32. Kf1 g5 33. Ke2 f5 34.
Kd2 Rh8 35. Re5 Rb8 36. g4 g6 37. gxf5 gxf5 38. Re1 Rh8 39. Rg1 Kf6 40. Rdg3
Rh4 41. Rxg5 Rxh3 42. Rg7 Rh6 43. Rb7 e5 44. dxe5+ Kxe5 45. Rbg7 Rh3 46. R1g3
Rh2 47. Rg2 Rxg2 48. Rxg2 Rh6 49. Kd3 Rc6 50. Rg3 Rh6 51. Re3+ Kd6 52. Rf3 Rh5
53. Rg3 Rh6 54. Rf3 Rh5 55. Kd4 Rg5 56. Rg3 Rg4+ 57. Kd3 Kc5 58. Rxg4 fxg4 59.
Ke3 b5 60. axb5 Kxb5 61. Kd4 Kc6 62. Ke5 Kc5 63. Kf4 d4 64. cxd4+ Kxd4 65. Kxg4
Kc3 66. f4 Kxb3 67. f5 a4 68. f6 a3 69. f7 a2 70. f8=Q a1=Q 71. Qb8+ Kc2 72.
Qh2+ Kb3 73. Qb8+ 1/2-1/2

[Event "Bergens SK HÃ¸stturnering 2017"]
[Site "Bergens Schakklub"]
[Date "2017.11.14"]
[Round "9"]
[White "Rasmussen, Jonas H"]
[Black "Ayzenberg, Alena"]
[Result "0-1"]
[WhiteElo "1745"]
[BlackElo "1755"]
[PlyCount "66"]
[EventDate "2017.??.??"]

1. d4 Nf6 2. Nf3 d5 3. g3 c6 4. Bg2 Bg4 5. O-O e6 6. b3 Bd6 7. Bb2 O-O 8. c4
Nbd7 9. Ne5 Bf5 10. Nd2 Rc8 11. Nxd7 Qxd7 12. c5 Bb8 13. b4 Ne4 14. Nxe4 dxe4
15. e3 Bg6 16. Qc2 f5 17. a4 Qe7 18. a5 a6 19. Bc3 Qg5 20. Rfc1 Bh5 21. Re1 Bf3
22. Bb2 Qh5 23. Qc3 Rf6 24. h4 Bxg2 25. Kxg2 Qf3+ 26. Kh3 Qxf2 27. Rg1 Rg6 28.
Qe1 Qf3 29. Bc3 Qg4+ 30. Kg2 Bxg3 31. Qc1 Qf3+ 32. Kh3 Bb8+ 33. Rg3 Qxg3# 0-1

[Event "Bergens SK HÃ¸stturnering 2017"]
[Site "Bergens Schakklub"]
[Date "2017.11.14"]
[Round "9"]
[White "Larsen, Stig BÃ¸rje"]
[Black "Manne, Per Erik"]
[Result "0-1"]
[WhiteElo "1739"]
[BlackElo "2043"]
[PlyCount "82"]
[EventDate "2017.??.??"]

1. e4 Nf6 2. e5 Nd5 3. d4 d6 4. Nf3 g6 5. c4 Nb6 6. Nc3 Bg7 7. exd6 cxd6 8. Be3
O-O 9. Be2 Nc6 10. O-O Bg4 11. b3 d5 12. c5 Nc8 13. Qd2 e6 14. h3 Bxf3 15. Bxf3
N8e7 16. Ne2 e5 17. g3 e4 18. Bg2 Nf5 19. Rad1 a5 20. a3 Qd7 21. Qc3 b6 22. g4
Nxe3 23. fxe3 bxc5 24. Qxc5 Rfc8 25. Qb5 Rab8 26. Qa4 Qb7 27. Rb1 Bh6 28. Nf4
Bxf4 29. Rxf4 Qb5 30. Qxb5 Rxb5 31. Rf2 Ne7 32. Bf1 Rb6 33. Rfb2 Rc3 34. Kf2
Rf6+ 35. Ke2 Rf3 36. b4 Nc6 37. b5 Rcxe3+ 38. Kd2 Nxd4 39. Bg2 Re2+ 40. Kd1
Rd3+ 41. Kc1 Re1# 0-1

[Event "Bergens SK Høstturnering 2017"]
[Site "Bergens Schakklub"]
[Date "2017.11.21"]
[Round "10"]
[White "Sørhus, Jostein"]
[Black "Jørgensen, Kolbein"]
[Result "1-0"]
[WhiteElo "1366"]
[BlackElo "1323"]
[PlyCount "153"]
[EventDate "2017.??.??"]

1. d4 d5 2. c4 c6 3. g3 Nf6 4. Bg2 Bf5 5. cxd5 cxd5 6. Nf3 h6 7. Nc3 e6 8. Ne5
Bd6 9. Bf4 O-O 10. Rc1 a6 11. O-O Nc6 12. Nxc6 bxc6 13. Bxd6 Qxd6 14. Na4 Nd7
15. Nc5 Rfb8 16. Qd2 Nxc5 17. Rxc5 Rb5 18. Rfc1 Rc8 19. Rxb5 axb5 20. Rc5 Ra8
21. a3 f6 22. Qc3 Ra6 23. e3 e5 24. Bf1 Bd7 25. Be2 g6 26. Qc2 Kg7 27. Qd1 Qe6
28. Bf3 e4 29. Bg2 Ra8 30. Qd2 f5 31. Bh3 g5 32. Bg2 g4 33. h3 h5 34. h4 Qf6
35. Rc1 Qd6 36. Bf1 Qe7 37. Be2 Qd6 38. Rc5 Qe7 39. Bd1 Qd8 40. Qb4 Qa5 41.
Qxa5 Rxa5 42. Kf1 Ra6 43. Ke1 Kf6 44. Kd2 Ke6 45. Kc3 Kd6 46. Kb4 Kc7 47. b3
Kd6 48. a4 bxa4 49. bxa4 Rb6+ 50. Kc3 Rb1 51. Kd2 Kc7 52. Rc2 Rb4 53. Ra2 Bc8
54. Be2 Kb6 55. a5+ Ka7 56. Rc2 Bb7 57. a6 Ba8 58. Ra2 Rb6 59. Kc3 Rb8 60. Rb2
Rxb2 61. Kxb2 Kb6 62. Kc3 c5 63. dxc5+ Kxc5 64. a7 Kb6 65. Kd4 Kxa7 66. Kc5 Bb7
67. Bb5 Kb8 68. Bc6 Bc8 69. Kd6 Ka7 70. Bxd5 Kb6 71. Be6 Bxe6 72. Kxe6 Kc6 73.
Ke5 Kd7 74. Kxf5 Ke7 75. Kxe4 Kf6 76. Kf4 Kg6 77. e4
1-0

[Event "Bergens SK Høstturnering 2017"]
[Site "Bergens Schakklub"]
[Date "2017.11.21"]
[Round "10"]
[White "Christoffersen, Odd"]
[Black "Selbekk, Vebjørn"]
[Result "0-1"]
[WhiteElo "1514"]
[BlackElo "1847"]
[PlyCount "56"]
[EventDate "2017.??.??"]

1. d4 d6 2. c4 e5 3. dxe5 dxe5 4. Qxd8+ Kxd8 5. Nc3 c6 6. b3 Be6 7. Bb2 f6 8.
Nf3 Nd7 9. e3 Kc7 10. Be2 Ne7 11. O-O Nc8 12. Rfd1 Ncb6 13. Ne1 a5 14. a4 Nc5
15. Ra3 Be7 16. Rb1 Rhd8 17. Bc1 Bf5 18. Rba1 Ne4 19. Nxe4 Bxa3 20. Rxa3 Bxe4
21. f3 Bg6 22. Ra2 Nd7 23. Ba3 b6 24. Kf2 e4 25. f4 Nc5 26. Bxc5 bxc5 27. Ra1
Rd2 28. Rb1 Bh5
0-1

[Event "Bergens SK Høstturnering 2017"]
[Site "Bergens Schakklub"]
[Date "2017.11.21"]
[Round "10"]
[White "Manne, Per Erik"]
[Black "Ayzenberg, Alena"]
[Result "1-0"]
[WhiteElo "2043"]
[BlackElo "1755"]
[PlyCount "95"]
[EventDate "2017.??.??"]

1. Nf3 d5 2. d4 Nf6 3. c4 e6 4. Nc3 Bb4 5. e3 Ne4 6. Qc2 O-O 7. Bd3 f5 8. O-O
Nc6 9. cxd5 exd5 10. Nxd5 Bd6 11. Bc4 Kh8 12. Nc3 Ng5 13. Qe2 Nxf3+ 14. Qxf3 f4
15. exf4 Nxd4 16. Qe4 Nf5 17. Be6 Bxe6 18. Qxe6 Qh4 19. g3 Qg4 20. Qe2 Qh3 21.
Be3 Rf6 22. Qf3 Re8 23. Qg2 Qxg2+ 24. Kxg2 Rxe3 25. fxe3 Nxe3+ 26. Kf3 Nxf1 27.
Rxf1 Re6 28. Ne4 Kg8 29. Rd1 Bf8 30. Rd8 h6 31. Nc5 Rf6 32. Nd7 Rf7 33. b4 g6
34. Ke4 Kg7 35. Nxf8 Rxf8 36. Rxf8 Kxf8 37. Ke5 Ke7 38. g4 c6 39. a4 b6 40. h3
a6 41. a5 bxa5 42. bxa5 h5 43. Kd4 Kd6 44. Kc4 h4 45. Kd4 Kc7 46. Kc5 Kd7 47.
f5 gxf5 48. gxf5
1-0

[Event "Bergens SK Høstturnering 2017"]
[Site "Bergens Schakklub"]
[Date "2017.11.21"]
[Round "10"]
[White "Rasmussen, Jonas H"]
[Black "Larsen, Stig Børje"]
[Result "1/2-1/2"]
[WhiteElo "1745"]
[BlackElo "1739"]
[PlyCount "74"]
[EventDate "2017.??.??"]

1. d4 g6 2. Nf3 Bg7 3. g3 c6 4. c4 d6 5. Bg2 Bg4 6. h3 Bf5 7. Nc3 Nf6 8. O-O
O-O 9. Re1 Ne4 10. Nxe4 Bxe4 11. Qb3 b6 12. d5 Qd7 13. Ne5 Bxe5 14. Bxe4 c5 15.
Bh6 Bg7 16. Bxg7 Kxg7 17. Bg2 Na6 18. e4 f6 19. f4 Rab8 20. e5 b5 21. exd6 exd6
22. cxb5 Qxb5 23. Qxb5 Rxb5 24. Bf1 Rb6 25. Bxa6 Rxa6 26. a3 Rb6 27. b4 Rf7 28.
bxc5 dxc5 29. Rac1 Rb3 30. Kf2 Rd7 31. Rxc5 Rxa3 32. d6 Rxd6 33. Re7+ Kh6 34.
Rcc7 g5 35. fxg5+ Kxg5 36. Rxa7 Rxa7 37. Rxa7 h5
1/2-1/2

[Event "Bergens SK Høstturnering 2017"]
[Site "Bergens Schakklub"]
[Date "2017.11.28"]
[Round "11"]
[White "Jørgensen, Kolbein"]
[Black "Sørhus, Jostein"]
[Result "0-1"]
[WhiteElo "1323"]
[BlackElo "1366"]
[PlyCount "64"]
[EventDate "2017.??.??"]

1. b3 Nf6 2. Bb2 d6 3. e3 e5 4. d4 e4 5. c4 g6 6. Nc3 Bg7 7. Nge2 O-O 8. Ng3
Re8 9. Qc2 Qe7 10. h3 b6 11. O-O-O Na6 12. Nge2 Nb4 13. Qd2 Nd3+ 14. Kb1 Nxf2
15. Rg1 Nxd1 16. Qxd1 Bb7 17. g4 c6 18. d5 cxd5 19. cxd5 Nd7 20. Nd4 Ne5 21.
Nxe4 Bxd5 22. Nc3 Bb7 23. Ndb5 Red8 24. Ba3 Nf3 25. Rg3 Qxe3 26. Bc1 Nd2+ 27.
Qxd2 Qxg3 28. Bb2 Qg1 29. Qd1 Qe3 30. Bc1 Qe5 31. Bb2 Qh2 32. Nd5 Qxb2# 
0-1

[Event "Bergens SK Høstturnering 2017"]
[Site "Bergens Schakklub"]
[Date "2017.11.28"]
[Round "11"]
[White "Manne, Per Erik"]
[Black "Agustsson, Hafsteinn"]
[Result "1/2-1/2"]
[WhiteElo "2043"]
[BlackElo "1741"]
[PlyCount "58"]
[EventDate "2017.??.??"]

1. Nf3 d5 2. d4 e6 3. c4 Nf6 4. Bg5 Nbd7 5. e3 Bb4+ 6. Nbd2 c5 7. a3 Bxd2+ 8.
Qxd2 Qb6 9. Bxf6 Nxf6 10. dxc5 Qxc5 11. b4 Qe7 12. cxd5 exd5 13. Bd3 O-O 14.
O-O Bg4 15. Nd4 a6 16. Rfc1 Rfc8 17. h3 Be6 18. Nb3 Nd7 19. Qb2 b5 20. Qd4 Qd6
21. e4 Qe5 22. exd5 Bxd5 23. Qh4 g6 24. Nc5 Nxc5 25. bxc5 Rxc5 26. Rxc5 Qxa1+
27. Kh2 Qe5+ 28. Qg3 Qxg3+ 29. Kxg3 Rd8 
1/2-1/2

[Event "Bergens SK Høstturnering 2017"]
[Site "Bergens Schakklub"]
[Date "2017.11.28"]
[Round "11"]
[White "Selbekk, Vebjørn"]
[Black "Larsen, Stig Børje"]
[Result "0-1"]
[WhiteElo "1847"]
[BlackElo "1739"]
[PlyCount "66"]
[EventDate "2017.??.??"]

1. d4 d6 2. c4 g6 3. Nc3 Bg7 4. e4 Nf6 5. f3 O-O 6. Be3 e5 7. d5 a6 8. Bd3 c6
9. Nge2 cxd5 10. cxd5 Nbd7 11. b4 Nh5 12. Qd2 f5 13. O-O f4 14. Bf2 g5 15. b5
Ndf6 16. h3 Kh8 17. Na4 Rg8 18. Nb6 Rb8 19. Nxc8 Qxc8 20. Rac1 Qd7 21. bxa6
bxa6 22. Rc6 g4 23. hxg4 Nxg4 24. Bb6 Rxb6 25. Rxb6 Ne3 26. Rf2 Bf6 27. Kh2 Bh4
28. Nxf4 Bg3+ 29. Kg1 Bxf4 30. Qb4 Qh3 31. g4 Nxg4 32. Rg2 Be3+ 33. Kf1 Nh2+
0-1

[Event "Bergens SK Høstturnering 2017"]
[Site "Bergens Schakklub"]
[Date "2017.11.28"]
[Round "11"]
[White "Ayzenberg, Alena"]
[Black "Christoffersen, Odd"]
[Result "1-0"]
[WhiteElo "1755"]
[BlackElo "1514"]
[PlyCount "47"]
[EventDate "2017.??.??"]

1. d4 Nf6 2. c4 e6 3. Nc3 Bb4 4. Qc2 c5 5. dxc5 Na6 6. a3 Bxc5 7. e3 b6 8. Nf3
Bb7 9. Be2 O-O 10. b4 Be7 11. O-O Nc7 12. e4 d6 13. Rd1 Qc8 14. Bg5 Rd8 15.
Rac1 h6 16. Bh4 g5 17. Bg3 e5 18. c5 Nce8 19. cxd6 Bxd6 20. Nxe5 Qe6 21. Bc4
Qe7 22. Nxf7 Kg7 23. Nxd8 Rxd8 24. e5 
1-0